000 00605cam a22002173a 4500
001 34931
003 PGUSA
005 20140828083743.0
008 110113s2011||||xxu|||||s|||||000 | eng d
040 _aPGUSA
_beng
042 _adc
100 1 _aLeblanc, Maurice,
_d1864-1941
245 1 4 _aThe Woman of Mystery
_h[electronic resource] /
_cMaurice Leblanc
260 _bProject Gutenberg,
_c2011
506 _aPublic domain in the USA.
516 _aElectronic text
700 1 _aMatzke, Albert
830 0 _aProject Gutenberg
_v34931
856 4 0 _uhttp://www.gutenberg.org/ebooks/34931
942 _cEB
999 _c264186
_d264186